000 01501nam0a2200349 4500
001 RU\NLR\bibl\993946
005 20250614222328.0
010 _a5-469-00745-6
010 _a966-552-169-1
035 _a(NLR Aleph) 000981726
090 _a463373
_c463373
100 _a20061009d2006 |||y0rusy50 ca
101 0 _arus
102 _aRU
105 _aa |||||||||
106 _ar
200 1 _aСамоучитель ArchiCAD 8
_fВ. Демченко, А. Михайленко, Е. Бородавка
210 _aСанкт-Петербург [и др.]
_cИздательская группа BHV
_cПитер Принт
_d2006
_gТ
215 _a431 с.
_cил.
_d24
320 _aАлф. указ: с. 429-431
606 1 _aARCHICAD 8.0, система автоматизированного проектирования
_jУчебные издания для самообразования
_92308730
_3RU\NLR\auth\661381846
610 0 _aСтроительство -- Архитектурно-строительное проектирование -- Автоматизация -- Пособие для самообразования
686 _aН22-5-05я78
700 1 _aДемченко
_bВ.
_gВиктор
_4070
701 1 _aМихайленко
_bА.
_gАндрей
_4070
701 1 _aБородавка
_bЕ.
_gЕвгений
_4070
801 0 _aRU
_bNLR
_c20061009
_grcr
801 1 _aRU
_bNLR
_c20061009
830 _aавт. по кн
942 _cBOOK
980 _aNB